000 00449nam a22001577a 4500
999 _c40937
_d40937
003 OSt
005 20210119152804.0
008 210119b ||||| |||| 00| 0 eng d
040 _coclc
082 _a492.7
_bJAR/N
100 _aJarim, Ali Al
245 _aNahv Al Walih Vol -3 /
_cAli Al Jarim ; Musthafa Ameen
260 _aCalicut:
_bCalicut Book Stall,
300 _a139p
942 _cBK
_2ddc
_h492.7
_iJAR/N
_k492.7
_mJAR/N